000
00251pam a2200133 a 4500
020
_c
041
_h
100
_a
CPR
245
_a
Communication Techniques for Environmental
260
_c
199
300
_a
13
653
_a
Story
930
_a
930
999
_c
246783
_d
246783